000 01163cam a2200325 a 4500
001 15676190
005 20090327070634.0
006 m d
007 cr |||||||||||
008 070529s2007 enk esb 001 0 eng d
010 _a 2009659371
020 _a9786611253967
020 _z1845282302 (Paper)
020 _z1848032234 (electronic bk.)
035 _a(UK-RwCLS)cis8300479
037 _a125396
_bMIL
040 _aUK-RwCLS
_cUK-RwCLS
_dDLC
042 _alccopycat
050 0 0 _aQ180.55.D39 2006
100 1 _aDawson, Catherine.
245 1 2 _aA practical guide to research methods
_ba user-friendly manual for mastering research techniques and projects /
_cCatherine Dawson.
250 _a2nd ed.
260 _aOxford :
_bHow To Books,
_c2006.
300 _ax,165 p.
_c22cm
504 _aIncludes bibliographical references and index.
650 0 _aResearch
_xMethodology.
906 _a7
_bcbc
_ccopycat
_du
_encip
_f20
_gy-gencatlg
942 _2lcc
_cBK
999 _c36846
_d36846